000 00445nam a2200169Ia 4500
003 GCL
008 140319s9999 xx 000 0 ara d
040 _aGCL /
_cGCL
082 0 4 _a641
_bو ف
100 1 _aوديع جبر
245 1 0 _aالفوائد المنزلية /
_cوديع جبر
260 _a[S.N] :
_bدار الجيل ،
_c1989
300 _a464 ص
490 _a
650 0 4 _aالاقتصاد المنزلى
942 _2ddc
_cBK
999 _c54761
_d54761